000
00315nam a2200133Ia 4500
008
191201s2003 xx 000 0 und d
100
_a
NORTON, Peter
245
0
_a
Complete Guide to Networking
250
_a
1st
260
_a
N.Delhi
_b
Tech media
_c
2003
300
_a
576
650
_a
B.Tech(CSE)
942
_2
ddc
_c
BK
999
_c
1277
_d
1277